[Event "EWCCC Online Preliminary-D 2020"]
[Site "Online"]
[Date "2020.12.19"]
[Round "1.1"]
[White "Mammadova, Gulnar"]
[Black "Jose Polanco, Kenia"]
[Result "1-0"]
[WhiteElo "2382"]
[BlackElo "1828"]
[Annotator "TA"]
[PlyCount "39"]
[EventDate "2020.12.19"]
[EventType "team-tourn"]
[EventCountry "NET"]
[SourceTitle "playchess.com"]
[Source "ChessBase"]
[SourceQuality "1"]

{[%evp 9,39,82,64,9,17,24,26,19,0,4,54,-11,83,94,122,115,130,126,100,0,259,271,276,183,167,187,187,177,179,150,292,300]} 1. e4 c5 2. b3 g6 3. Bb2 f6 4. f4 Bg7 5. Nf3 {[#]} Nc6 $146 ({Predecessor:} 5... Nh6 6. Be2 O-O 7. O-O Nc6 8. Kh1 e6 9. c4 f5 10. Bxg7 Kxg7 11. e5 d5 12. cxd5 Qxd5 {1-0 (39) Cochrane,J-Somacarana Calcutta 1856}) 6. f5 {B20: Sicilian: Unusual White 2nd moves.} (6. d4 $14) 6... d5 7. exd5 Qxd5 8. fxg6 {White has an edge.} hxg6 9. Nc3 Qd8 10. Ne4 (10. Bb5 $1 $14) 10... b6 (10... Bf5 $11 11. Ng3 (11. Nxc5 Qa5 $11) 11... e5) 11. Bb5 $16 Bd7 12. Qe2 $1 Qc7 {[#]} 13. O-O-O $1 O-O-O 14. Nc3 (14. d4 $16) 14... Nb4 $2 {[%mdl 8192]} (14... Kb8 $11 {and Black has nothing to worry.}) 15. a3 Nc6 16. Ba6+ Kb8 {[#]} 17. Nb5 $1 {[%cal Rb5c7]} Qf4 18. g3 Qg4 19. d4 cxd4 (19... Nh6 $16 {keeps fighting.}) 20. Nbxd4 {Weighted Error Value: White=0.23/Black=0.63} 1-0

[Event "EWCCC Online Preliminary-D 2020"]
[Site "Online"]
[Date "2020.12.19"]
[Round "1.1"]
[White "Mamedjarova, Turkan"]
[Black "Rubsamen, Anais"]
[Result "1-0"]
[WhiteElo "2309"]
[BlackElo "1692"]
[Annotator "TA"]
[PlyCount "81"]
[EventDate "2020.12.19"]
[EventType "team-tourn"]
[EventCountry "NET"]
[SourceTitle "playchess.com"]
[Source "ChessBase"]
[SourceQuality "1"]

{[%evp 12,81,35,33,89,83,82,43,85,88,82,74,113,116,120,114,117,108,111,104,108,106,106,114,112,102,118,120,120,118,143,142,131,120,126,91,130,117,183,115,116,112,120,102,120,120,119,114,120,116,176,176,183,98,101,95,444,419,5693,5489,2454,2458,1909,1804,29978,29978,29982,29983,29983,29982,29981,29980]} 1. d4 Nf6 2. Nf3 g6 3. c4 c6 4. Nc3 d5 5. cxd5 cxd5 6. Bf4 Bg7 {6...Bg7 is better than 6...Nc6.} 7. e3 Nh5 {D90: Grünfeld: 4 Nf3 Bg7 sidelines.} (7... Nc6 $14) 8. Bxb8 $16 Rxb8 9. Bb5+ Bd7 {White is slightly better.} 10. Qa4 Nf6 11. Bxd7+ {[#]} Nxd7 $146 ({Predecessor:} 11... Qxd7 12. Qxa7 O-O 13. O-O Ra8 14. Qb6 Ra6 15. Qb3 Rc8 16. Rfc1 e6 17. Ne5 Qe7 {1-0 (41) Marques,V (2251)-De Godoy,J Sao Paulo 1999}) 12. Nxd5 O-O 13. O-O Nb6 14. Nxb6 Qxb6 15. Qa3 Rfe8 16. Rac1 e5 17. dxe5 Bxe5 18. Rc2 Bd6 19. Qa4 Rec8 20. Rfc1 Rc7 21. Rxc7 Bxc7 22. h3 {And now Qd7 would win.} Rd8 23. b3 a6 24. Qh4 h5 (24... Kg7 $16) 25. Qg5 (25. g4 $18) 25... Qd6 {( -> ...Qd1+!)} 26. g3 Re8 27. Nd4 Bd8 28. Qf4 Qxf4 29. gxf4 {[%mdl 4096] Endgame KRB-KRN} ({And not} 29. exf4 Bb6 $15) 29... Bf6 30. Nf3 Rd8 (30... Rb8 $16 31. Rc7 Kf8) 31. Rc7 $18 Rb8 32. e4 (32. Ng5 $18) 32... Bd8 $16 33. Rd7 Kg7 $2 {[%mdl 8192] Loses the game.} (33... Kf8 $16) 34. Ne5 $18 Kh8 {[#]} (34... Kg8 $142 35. Rxf7 Ba5) 35. Rxd8+ $1 {[%mdl 576] Decoy} Rxd8 36. Nxf7+ {[%mdl 64] Double Attack} Kg7 37. Nxd8 Kf6 38. Nxb7 {White mates.} g5 39. fxg5+ Kxg5 {KN-KPP} 40. e5 Kf5 {[#]} 41. f4 $1 {[%mdl 64] Promotion.  Weighted Error Value: White=0.10/Black=0.63} 1-0

[Event "EWCCC Online Preliminary-D 2020"]
[Site "Online"]
[Date "2020.12.19"]
[Round "1.1"]
[White "Berezovska, Svetlana"]
[Black "Balajayeva, Khanim"]
[Result "0-1"]
[WhiteElo "1793"]
[BlackElo "2376"]
[Annotator "TA"]
[PlyCount "134"]
[EventDate "2020.12.19"]
[EventType "team-tourn"]
[EventCountry "NET"]
[SourceTitle "playchess.com"]
[Source "ChessBase"]
[SourceQuality "1"]

{[%evp 16,134,19,18,31,0,10,6,22,10,10,0,3,0,0,-6,1,5,8,0,0,0,0,0,0,0,0,0,18,0,199,0,0,0,0,0,0,0,17,9,6,0,0,0,0,0,0,0,0,-14,-14,-18,-15,-18,-16,-10,-11,-20,-5,-18,0,0,0,-78,-35,-32,-33,-46,0,0,0,0,0,0,0,0,0,-4,0,0,0,-7,-7,-8,-8,-8,-8,-8,-8,-8,0,-8,-8,-8,-8,-8,-8,-8,-8,-22,-22,-29,-8,-8,-8,-8,-8,-414,0,-8,-8,-7,0,-29982,-29983,-29984,-29982,-29983,-29982,-29982,-29983]} 1. e4 c6 2. d4 d5 3. Nc3 dxe4 4. Nxe4 Nf6 5. Nxf6+ exf6 6. Bc4 Bd6 7. Qe2+ Be7 8. Nf3 O-O 9. O-O Nd7 {B15: Caro-Kann: 3 Nc3: 3...g6 and 3...dxe4 4 Nxe4 Nf6 5 Nxf6+ exf6.} 10. Bf4 Re8 11. Rfe1 {Black must now prevent Bd6!} Nf8 {The position is equal.} 12. Rad1 {[#]} Be6 $146 ({Predecessor:} 12... Bd7 13. Qd3 Ng6 14. Bg3 b5 15. Bb3 Qb6 16. c4 Rad8 17. c5 Qa5 18. h3 Bf8 {½-½ (36) Geller,E (2525)-Zaitseva,L (2370) Moscow 1992}) 13. Bxe6 Nxe6 14. Be3 Qa5 15. Qc4 Rad8 16. c3 Bd6 17. Nd2 Qh5 18. h3 Bb8 19. Qb3 Re7 20. Nf3 h6 21. Qc2 Rde8 22. Bc1 Bf4 $2 {[#]} (22... Bc7 $11) 23. b3 $2 (23. Rxe6 $1 $18 {[%mdl 512]} Rxe6 24. Bxf4) 23... Bxc1 $11 24. Qxc1 Qa5 25. Qd2 Ng5 (25... g5 {is interesting.} 26. g3 h5 27. Kg2 Kg7 28. h4 Qf5) 26. Nxg5 hxg5 (26... Rxe1+ {feels hotter.} 27. Rxe1 Rxe1+ 28. Qxe1 fxg5 29. Qe8+ Kh7) 27. Rxe7 Rxe7 28. c4 Qxd2 29. Rxd2 {[%mdl 4096] Endgame KR-KR} Re1+ 30. Kh2 Kf8 31. Kg3 Ke7 32. Kf3 Kd7 33. Re2 Rd1 34. Ke3 Kd6 35. Rd2 Rg1 36. Kf3 a5 37. g3 a4 38. bxa4 Rc1 39. d5 (39. c5+ $11 Kd7 40. Kg4) 39... Rxc4 40. dxc6+ Kxc6 41. a5 Ra4 42. Rc2+ Kd7 43. Rb2 Kc7 44. Rc2+ Kb8 45. Re2 Rxa5 46. Re8+ Ka7 47. Re7 Ra3+ 48. Kg4 Rxa2 49. Rxf7 Rxf2 {next ...g6 is good for Black.} 50. Rxg7 Ka6 51. Rg8 b5 52. Ra8+ Kb6 53. Rb8+ Kc5 54. h4 gxh4 55. gxh4 b4 56. Kg3 Rf1 {And now ...Kc4 would win.} 57. Kg2 Rf5 {Threatens to win with ...Rh5.} 58. Kg3 Kc4 59. Kg4 Rf1 60. h5 b3 {Strongly threatening ...Rg1+.} 61. Rb7 $2 {[%mdl 8192] Cut Off at move 61} (61. h6 $11 {and White has nothing to worry.}) 61... Kc3 $2 ({Black should play} 61... f5+ $19 62. Kg5 f4) 62. h6 Rh1 (62... b2 $5 63. h7 $8 Rh1 64. Rc7+ Kd3 $11) 63. h7 b2 64. Kf5 $2 {[%mdl 8192] [#]} (64. Rc7+ $11 Kd4 65. Rb7) 64... Rxh7 $1 {[%mdl 512] Black mates.} 65. Rb6 (65. Rxh7 b1=Q+) 65... Rc7 66. Kxf6 Kc2 67. Ke6 b1=Q {Weighted Error Value: White=0.12/Black=0.13} 0-1

[Event "EWCCC Online Preliminary-D 2020"]
[Site "Online"]
[Date "2020.12.19"]
[Round "1.1"]
[White "Berezovsky, Fiorina"]
[Black "Fataliyeva, Ulviyya"]
[Result "0-1"]
[WhiteElo "1665"]
[BlackElo "2301"]
[Annotator "TA"]
[PlyCount "48"]
[EventDate "2020.12.19"]
[EventType "team-tourn"]
[EventCountry "NET"]
[SourceTitle "playchess.com"]
[Source "ChessBase"]
[SourceQuality "1"]

{[%evp 9,47,-23,-20,-35,-31,-29,-35,-36,-35,-50,-56,-58,-43,-52,-45,-78,-71,-122,-114,-123,-125,-217,-215,-222,-198,-650,-629,-1023,-813,-29991,-29992,-29992,-29993,-29993,-29994,-29994,-29987,-29992,-29992,-29999]} 1. d4 d5 2. Nf3 e6 3. e3 Nf6 4. c4 c6 5. cxd5 exd5 {[#]} 6. Ne5 $146 {D30: Queen's Gambit Declined: Systems without Nc3.} ({Predecessor:} 6. Bd3 Bd6 7. O-O Nbd7 8. b3 O-O 9. Ba3 Bxa3 10. Nxa3 Qe7 11. Nb1 Ne4 12. Qc2 Re8 {½-½ (45) Benderac,A (2226)-Velikic,A (2293) Kragujevac 2018}) 6... Bf5 7. Bd3 Bxd3 8. Qxd3 {Black is slightly better.} Bd6 9. f4 Ne4 {[#] White must now prevent ...Bxe5.} 10. O-O Nd7 {[%cal Bb8d7,Bd7f6,Bf6e4,Be4g5,Bg5h3][%mdl 32]} 11. Nc3 Ndf6 12. h3 O-O 13. g4 (13. Bd2 $142) 13... Nxc3 $17 14. bxc3 Ne4 15. c4 (15. Nf3 $17 {was worth a try.}) 15... Qh4 $19 16. Rf3 f6 17. c5 $2 (17. Nd7 Rf7 18. cxd5 cxd5 19. Nc5 Bxc5 20. dxc5) 17... fxe5 18. f5 Ng5 {[%mdl 64] [#] Double Attack} 19. Rf2 Nxh3+ {[%mdl 64] Double Attack. Black mates.} 20. Kg2 Qxf2+ 21. Kxh3 e4 {[%csl Gd6][%cal Rf2h2]} 22. cxd6 exd3 23. d7 Rf6 {[%cal Rf6h6]} 24. Bb2 Rh6# {Black took control after the opening.  Weighted Error Value: White=1.17/Black=0.12} 0-1

[Event "EWCCC Online Preliminary-D 2020"]
[Site "Online"]
[Date "2020.12.19"]
[Round "1.2"]
[White "Matnadze, Ana"]
[Black "Dubovyk, Anastasiia"]
[Result "0-1"]
[WhiteElo "2421"]
[BlackElo "1971"]
[Annotator "RC"]
[PlyCount "112"]
[EventDate "2020.12.19"]
[EventType "team-tourn"]
[EventCountry "NET"]
[SourceTitle "playchess.com"]
[Source "ChessBase"]
[SourceQuality "1"]
[TimeControl "900+5"]

1. d4 {[%emt 0:00:03]} Nf6 {[%emt 0:00:04]} 2. Nf3 {[%emt 0:00:05]} g6 {[%emt 0:00:03]} 3. g3 {[%emt 0:00:06]} Bg7 {[%emt 0:00:02]} 4. Bg2 {[%emt 0:00:04]} O-O {[%emt 0:00:04]} 5. O-O {[%emt 0:00:03]} d6 {[%emt 0:00:06]} 6. c4 {[%emt 0:00:03]} Nbd7 {[%emt 0:00:21]} 7. Nc3 {[%emt 0:00:03]} e5 {[%emt 0:00:04]} 8. h3 {[%emt 0:00:05]} exd4 {[%emt 0:00:09]} 9. Nxd4 {[%emt 0:00:03]} Re8 {[%emt 0:00:02]} 10. e4 {[%emt 0:00:04]} a6 {[%emt 0:00:06]} 11. Rb1 {[%emt 0:00:20]} Rb8 {[%emt 0:00:03]} 12. b4 {[%emt 0:00:11]} Ne5 {[%emt 0:00:09]} 13. Qb3 {[%emt 0:00:16]} c5 {[%emt 0:00:07]} 14. Nc2 {[%emt 0:00:14]} Be6 {[%emt 0:01:26]} 15. Nd5 {[%emt 0:00:20]} Bxd5 {[%emt 0:00:46]} 16. cxd5 {[%emt 0:00:25]} b5 {[%emt 0:00:40]} 17. Bb2 {[%emt 0:00:52]} Nc4 {[%emt 0:00:17]} 18. Bxf6 {[%emt 0:00:49]} Qxf6 {[%emt 0:00:30]} 19. Rfd1 {[%emt 0:00:16]} Nb2 {[%emt 0:01:42]} 20. Rf1 {[%emt 0:00:34]} c4 {[%emt 0:00:40]} 21. Qa3 {[%emt 0:00:58]} Qc3 {[%emt 0:00:25]} 22. Qxc3 {[%emt 0:01:27]} Bxc3 {[%emt 0:00:04]} 23. a3 {[%emt 0:00:24]} Ra8 {[%emt 0:00:50]} 24. f4 {[%emt 0:00:17]} a5 {[%emt 0:00:21]} 25. bxa5 {[%emt 0:00:05]} Rxa5 {[%emt 0:00:03]} 26. g4 {[%emt 0:01:34]} Nd3 {[%emt 0:00:52]} 27. Kh2 {[%emt 0:01:04]} Nxf4 {[%emt 0:00:49]} 28. Rxf4 {[%emt 0:01:25]} Be5 {[%emt 0:00:02]} 29. Kg3 {[%emt 0:00:11]} g5 {[%emt 0:00:03]} 30. Kf3 {[%emt 0:00:03]} Bxf4 {[%emt 0:00:25]} 31. h4 {[%emt 0:00:18]} h6 {[%emt 0:00:12]} 32. Bf1 {[%emt 0:00:09]} Rea8 {[%emt 0:00:13]} 33. h5 {[%emt 0:00:16]} Kg7 {[%emt 0:00:07]} 34. Ke2 {[%emt 0:00:04]} Kf6 {[%emt 0:00:04]} 35. Bg2 {[%emt 0:00:12]} Ke5 {[%emt 0:00:40]} 36. Bf3 {[%emt 0:00:30]} Rxa3 {[%emt 0:01:04]} 37. Nxa3 {[%emt 0:00:03]} Rxa3 {[%emt 0:00:02]} 38. Rxb5 {[%emt 0:00:07]} c3 {[%emt 0:00:21]} 39. Kd3 {[%emt 0:01:27]} c2+ {[%emt 0:00:02]} 40. Kxc2 {[%emt 0:00:02]} Rxf3 {[%emt 0:00:03]} 41. Rb7 {[%emt 0:00:17]} Kxe4 {[%emt 0:00:22]} 42. Rxf7 {[%emt 0:00:05]} Be5 {[%emt 0:00:12]} 43. Rh7 {[%emt 0:00:05]} Rf6 {[%emt 0:00:02]} 44. Ra7 {[%emt 0:00:09]} Kxd5 {[%emt 0:00:06]} 45. Kd3 {[%emt 0:00:02]} Rf3+ {[%emt 0:00:04]} 46. Ke2 {[%emt 0:00:03]} Rf2+ {[%emt 0:00:25]} 47. Kd3 {[%emt 0:00:04]} Rg2 {[%emt 0:00:19]} 48. Rh7 {[%emt 0:00:05]} Rxg4 {[%emt 0:00:02]} 49. Rxh6 {[%emt 0:00:02]} Rh4 {[%emt 0:00:02]} 50. Rh7 {[%emt 0:00:09]} g4 {[%emt 0:00:02]} 51. Ke3 {[%emt 0:00:03]} g3 {[%emt 0:00:03]} 52. Kf3 {[%emt 0:00:02]} Rh2 {[%emt 0:00:02]} 53. Ra7 {[%emt 0:00:17]} Rf2+ {[%emt 0:00:10]} 54. Kg4 {[%emt 0:00:08]} g2 {[%emt 0:00:02]} 55. Ra5+ {[%emt 0:00:01]} Ke6 {[%emt 0:00:03]} 56. Ra1 {[%emt 0:00:04]} Bxa1 {[%emt 0:00:03]} 0-1

[Event "EWCCC Online Preliminary-D 2020"]
[Site "Online"]
[Date "2020.12.19"]
[Round "1.2"]
[White "Sandu, Mihaela"]
[Black "Mashchenko, Tamila"]
[Result "0-1"]
[WhiteElo "2268"]
[BlackElo "1768"]
[Annotator "TA"]
[PlyCount "144"]
[EventDate "2020.12.19"]
[EventType "team-tourn"]
[EventCountry "NET"]
[SourceTitle "playchess.com"]
[Source "ChessBase"]
[SourceQuality "1"]

{[%evp 19,144,0,7,2,8,10,11,7,40,22,21,13,14,-26,6,9,13,0,18,0,18,24,59,19,29,29,52,37,51,38,42,25,27,-8,41,32,109,36,32,-68,54,-171,-154,-153,-170,-162,-159,-174,-171,-162,-154,-154,-169,-218,-207,-236,-186,-224,-204,-231,-235,-395,-404,-389,-364,-368,-374,-435,-414,-402,-402,-443,-435,-432,-304,-443,-444,-504,0,-423,0,-396,-313,-304,-258,-251,-215,-215,-143,-215,-215,-215,-215,-220,-208,-230,-230,-310,-308,-331,-233,-321,-254,-395,-368,-512,-510,-504,-496,-481,-471,-446,-402,-389,-354,-461,-354,-354,-354,-399,-307,-468,-460,-934,-348,-925,-841]} 1. e4 c5 2. Nf3 d6 3. d4 cxd4 4. Nxd4 Nf6 5. Nc3 g6 6. Be2 Bg7 7. O-O O-O 8. Re1 Nc6 9. Nb3 a6 {now supersedes 9...Be6.} 10. Bf1 Be6 11. Nd5 {B70: Sicilian Dragon: 6 g3 and 6 Be2 (without a later Be3).} Rc8 12. c3 Ne5 {[%cal Bc6e5,Be5d7,Bd7b6,Bb6a4][%mdl 32]} 13. Bg5 {[#] The position is equal.} Ned7 $146 ({Predecessor:} 13... Bxd5 14. exd5 Qd7 15. Qd2 Nc4 16. Bxc4 Rxc4 17. f3 Rc7 18. Na5 Nxd5 19. Qxd5 Rc5 {1-0 (55) Golubov,S (2493)-Mendonca,L (2228) Voronezh 2018}) 14. Qd2 Bxd5 15. exd5 Nb6 16. Bxf6 Bxf6 17. Re4 Qd7 18. Rae1 Qf5 19. c4 Na4 20. Nd4 Qd7 21. Rd1 Nc5 22. Ree1 Ra8 23. b3 Rfb8 24. Qf4 Re8 25. Re3 Bg7 26. b4 Na4 27. Rh3 Rac8 {[#]} ({Black should play} 27... Rec8 $14) 28. Qh4 (28. Re1 $1 $16) 28... h5 $14 29. Rc1 (29. Be2 $14) 29... Bf6 ({Black should try} 29... Qg4 $15 30. Nb3 Bb2) 30. Qf4 $2 (30. Qe4 $1 $14 {was forced to keep a grip.}) 30... Qg4 $19 {Black keeps a firm grip on the game.} 31. Qxg4 hxg4 32. Ra3 {[#]} Nb6 $1 $36 {[%mdl 2048] White is under strong pressure.} ({Resist} 32... Bxd4 33. Rxa4 e5 34. dxe6 $15) 33. Rd3 Rxc4 34. Rxc4 Nxc4 35. Nb3 Rc8 36. h3 gxh3 37. gxh3 Nb6 38. Kg2 Rc3 39. Rd1 Rc2 40. Bd3 $2 (40. a3) 40... Rxa2 41. Be4 Rb2 42. Na5 Rxb4 43. Bf3 Nc4 44. Nxc4 Rxc4 {[%mdl 4096] Endgame KRB-KRB} 45. Rb1 b5 46. Rb3 Rc3 47. Rb1 (47. Rxc3 {was forced.} Bxc3 48. Bd1) 47... Rc5 48. Rb3 Rc3 49. Rb1 $1 Rc4 50. Rb3 $1 b4 51. Be2 Rd4 {And now ...a5 would win.} 52. Bxa6 Rxd5 53. Rxb4 Rd4 54. Rb8+ (54. Rxd4 $17 {was necessary.} Bxd4 55. h4) 54... Kg7 55. Rb7 Ra4 56. Bd3 Ra3 57. Be4 Ra2 58. Bd5 Rd2 59. Bc4 d5 60. Ba6 e6 61. Rd7 {Cut Off at move 61} (61. Kg3 $142) 61... Bd4 62. Re7 Rxf2+ 63. Kg3 Ra2 64. Bc8 Re2 65. Rb7 Re3+ 66. Kg2 Bc5 67. Bd7 Kf6 68. Be8 Be7 69. Rd7 Re4 70. Kf3 (70. Rb7 {is a better defense.}) 70... Rh4 71. Kg2 (71. Ra7 $142) 71... Rb4 $2 (71... Rh8 72. Bxf7 Kxf7) 72. Kf3 $2 (72. Ra7) 72... Rb8 {Weighted Error Value: White=0.36/Black=0.42} 0-1

[Event "EWCCC Online Preliminary-D 2020"]
[Site "Online"]
[Date "2020.12.19"]
[Round "1.2"]
[White "Tsirulnik, Maritsa"]
[Black "Velikic, Adela"]
[Result "1-0"]
[WhiteElo "2139"]
[BlackElo "2278"]
[Annotator "TA"]
[PlyCount "87"]
[EventDate "2020.12.19"]
[EventType "team-tourn"]
[EventCountry "NET"]
[SourceTitle "playchess.com"]
[Source "ChessBase"]
[SourceQuality "1"]

{[%evp 9,87,8,9,16,43,43,43,43,43,6,20,1,44,28,31,7,21,5,58,32,47,-126,-125,-126,-120,-126,-127,-126,-126,-156,-129,-143,-104,-104,-97,-115,-64,-64,0,-89,-67,-66,-74,-66,-68,-60,-62,-66,-43,-54,-43,-28,-12,-14,-21,-58,95,97,102,68,273,266,250,275,329,329,913,906,1685,1671,2968,2165,2211,1407,1375,1331,29981,29982,29988,29989]} 1. d4 d5 2. c4 c6 3. Nf3 Nf6 4. g3 Bf5 5. Nc3 e6 6. Nh4 {D11: Slav Defence: 3 Nf3 sidelines and 3...Nf6 4 e3 Bg4.} Be4 7. f3 Bg6 8. Qb3 {White is slightly better.} Qb6 9. c5 Qxb3 10. axb3 Na6 11. Nxg6 hxg6 12. Ra4 Nc7 13. Bf4 Kd7 {[#]} (13... Kd8 $11) 14. b4 $146 ({Predecessor:} 14. Bxc7 Kxc7 15. b4 Be7 16. b5 Nd7 17. e3 e5 18. Be2 Bg5 19. Kf2 exd4 20. exd4 {0-1 (47) Hrescak,I (2173)-Koehler,I (1934) Porto Carras 2018}) 14... Nh5 15. e4 $2 {[#]} (15. Bxc7 $14 Kxc7 16. Kf2) 15... Nxf4 $17 16. gxf4 a6 17. Kf2 Be7 18. Bg2 Rh4 19. Ke3 Rah8 20. h3 Ne8 21. Bf1 Bd8 22. Rg1 Bc7 (22... R8h5 $17 23. Ra1 g5 24. fxg5 Bxg5+ 25. Kd3 Bh6) 23. e5 $15 Bd8 (23... Bb8 $15) 24. Rg4 (24. b5 $1 $11) 24... g5 (24... R4h5 {is more complex.} 25. Ra3 Be7 26. Kd2 Nc7 27. Ke3 Nb5) 25. fxg5 Rxg4 26. hxg4 Bxg5+ 27. f4 Bd8 28. Ra1 g5 29. f5 exf5 30. gxf5 Ng7 31. Bd3 $1 Rh3+ 32. Kd2 Rf3 $2 {[#]} (32... f6 $15 {stays ahead.}) 33. f6 $1 $16 {[%cal Rf6g7]} Ne6 34. Ne2 Rf2 $2 (34... Bc7 $14) 35. Ke3 $18 Rh2 36. Bf5 Rh4 37. Rg1 a5 $2 (37... Rh5 38. Rg3 Bc7) 38. Rxg5 Rh8 39. Rg7 Rf8 40. Nf4 Kc8 41. Bxe6+ fxe6 42. Nxe6 Rh8 43. f7 Be7 44. Rg8+ {[%mdl 64] Double Attack. What a bad dream for Black.  Weighted Error Value: White=0.21/Black=0.54} 1-0

[Event "EWCCC Online Preliminary-D 2020"]
[Site "Online"]
[Date "2020.12.19"]
[Round "1.2"]
[White "Prasol, Aliesia"]
[Black "Maisuradze, Nino"]
[Result "0-1"]
[WhiteElo "1702"]
[BlackElo "2214"]
[Annotator "TA"]
[PlyCount "48"]
[EventDate "2020.12.19"]
[EventType "team-tourn"]
[EventCountry "NET"]
[SourceTitle "playchess.com"]
[Source "ChessBase"]
[SourceQuality "1"]

{[%evp 11,48,32,24,6,16,12,17,-29,-26,-37,-5,-87,-72,-104,-110,-203,-227,-320,-326,-303,-293,-332,-319,-410,-369,-484,-501,-500,-487,-491,-483,-519,-495,-499,-439,-483,-398,-522,-527]} 1. e4 c5 2. Nf3 Nc6 3. Bb5 g6 4. O-O Bg7 5. d3 d6 6. Bxc6+ bxc6 7. c3 {B31: Sicilian: 2...Nc6 3 Bb5 g6.} Nh6 8. h3 O-O 9. Bg5 {Hoping for Qd2.The position is equal.} f6 10. Be3 f5 {[#]} 11. Bg5 $146 (11. Bxh6 $11 {keeps the balance.} Bxh6 12. e5) ({Predecessor:} 11. Qd2 Nf7 12. Ng5 e5 13. Nxf7 Rxf7 14. exf5 gxf5 15. f4 Ba6 16. Rd1 Qf8 17. Na3 Re8 18. Nc2 {0-1 (35) Maksimenko,A (1933)-Czachor,G (2004) Poronin 2013}) 11... Nf7 $17 12. Bh4 f4 {Strongly threatening ...h6.} 13. Nbd2 {[#]} (13. Bg5 $17) 13... h6 $1 $19 14. g3 (14. Qb3 {might work better.}) 14... g5 ({But not} 14... Bxh3 15. gxf4 Rb8 16. Rb1 $19) 15. gxf4 gxh4 16. Nxh4 Bxh3 17. Qh5 e5 18. Kh2 Bxf1 19. Rxf1 exf4 20. Rg1 Ng5 21. Nf5 {[#]} Rxf5 $1 22. exf5 d5 23. Qg4 Qd6 24. Kh1 Qe5 {White did not feel at home in the position after the opening.  Weighted Error Value: White=0.55/Black=0.13} 0-1

[Event "EWCCC Online Preliminary-D 2020"]
[Site "Online"]
[Date "2020.12.19"]
[Round "1.3"]
[White "Unuk, Laura"]
[Black "Koridze, Lile"]
[Result "0-1"]
[WhiteElo "2346"]
[BlackElo "2016"]
[Annotator "TA"]
[PlyCount "108"]
[EventDate "2020.12.19"]
[EventType "team-tourn"]
[EventCountry "NET"]
[SourceTitle "playchess.com"]
[Source "ChessBase"]
[SourceQuality "1"]

{[%evp 22,108,20,13,45,49,57,-99,-100,-101,-97,-99,-104,-132,-120,-127,-101,-187,-198,-435,-402,-470,-447,-466,-432,-463,-371,-482,-495,-569,-565,-698,-700,-887,-855,-856,-790,-822,-727,-687,-668,-595,-562,-644,-643,-643,-638,-944,-930,-1049,-1052,-1009,-1019,-1180,-1187,-2387,-2309,-2473,-2154,-2077,-1811,-2543,-1830,-29965,-29966,-29966,-29967,-29967,-29968,-29969,-29970,-29963,-29964,-29965,-29965,-29955,-7686,-5406,-5004,-4706,-2336,-29945,-4215,-29982,-29983,-29983,-29984,-29990,-29991]} 1. d4 Nf6 2. c4 e6 3. Nf3 d5 4. g3 Bb4+ 5. Bd2 Be7 6. Bg2 O-O 7. O-O c6 8. Qc2 b6 9. Rd1 Nbd7 10. Bf4 Bb7 11. Nc3 Rc8 12. Ne5 Nxe5 {E08: Closed Catalan: Main Line: 7 Qc2.} (12... Nh5 {keeps more tension.} 13. Bc1 f5 14. e3 Nhf6 15. b3 c5) 13. dxe5 Nd7 {[#]} 14. e4 $146 (14. cxd5 $14 {stays ahead.} cxd5 15. e4) ({Predecessor (8):} 14. cxd5 cxd5 15. e4 dxe4 16. Bxe4 Bxe4 17. Qxe4 Qc7 18. Nb5 Nc5 19. Qf3 Qb8 20. b4 {1-0 (58) Jumabayev,R (2606)-Seirawan,Y (2620) Berlin 2015}) 14... dxc4 $17 {Black continues to play with concentration.Black is better.} 15. Be3 Qc7 16. f4 Rfd8 17. Ne2 Nc5 18. Nd4 b5 19. f5 (19. b3 $17 {might work better.}) 19... exf5 $19 ({Worse is} 19... Qxe5 20. Bf4 $15) 20. exf5 $2 (20. e6 {was worth a try.}) 20... Qxe5 21. Bf4 Qf6 22. Nf3 Nd3 23. Bg5 Qd6 24. Be3 Bf6 25. Rab1 c5 26. b3 Qe7 27. Bf2 Nb4 28. Qc1 Be4 29. Re1 Nd3 30. Qe3 Nxe1 31. Rxe1 Bxf3 32. Qxf3 Qd6 33. bxc4 bxc4 {[%cal Bb5c4,Bc4c3][%mdl 32]} 34. g4 c3 35. g5 Bxg5 36. Qe4 h6 37. h4 Bf6 38. Bf3 Bd4 {[#] ( -> ...Qg3+)} 39. Qe2 Bxf2+ 40. Qxf2 Qd2 41. Re2 Qd4 42. Kg2 Qxf2+ 43. Kxf2 Rd2 44. Rxd2 cxd2 {[%mdl 4096] Endgame KR-KB} 45. Ke2 Rd8 46. Kd1 c4 47. Be2 c3 48. Kc2 Rd4 (48... Re8 $142 49. Bf3 Re1 50. Bg4 Rc1+ 51. Kd3 d1=Q+ 52. Bxd1 Rxd1+ 53. Kxc3 g5 54. fxg6 f5 55. h5 f4 56. Kc2 Rd8 57. Kb3 f3 58. Kc2 f2 59. Kb3 f1=Q 60. Kb4 Rd4+ 61. Kc3 Qd3+ 62. Kb2 Rb4+ 63. Kc1 Rb1#) 49. Bd1 Rxh4 50. Kxc3 Rf4 51. Bc2 Rf2 (51... h5 $142 52. Bb3 d1=B {[%mdl 64] Promotion} 53. Bxd1 h4 54. Kd3 h3 55. Ke3 h2 56. Kxf4 h1=Q 57. Bb3 Qh2+ 58. Ke4 Qe2+ 59. Kd4 Qb2+ 60. Ke4 Qb1+ 61. Ke5 Qd3 62. Bd5 Qe3+ 63. Kd6 Qf4+ 64. Kd7 Qxf5+ 65. Kc6 g5 66. a4 Qd3 67. Kd6 {[#]} Qd4 $1 {[%mdl 512]} 68. a5 Qb4+ 69. Kd7 Qxa5 70. Bc6 g4 71. Kd6 g3 72. Bh1 Qg5 73. Be4 Qf6+ 74. Kd5 Qb2 75. Kc6 g2 76. Bxg2 Qxg2+ 77. Kc7 a5 78. Kd6 a4 79. Ke5 a3 80. Kd4 a2 81. Kd3 a1=Q 82. Kc4 Qa4+ 83. Kd3 Qae4+ 84. Kc3 Qgc2#) 52. a4 h5 {Black mates.} 53. a5 h4 54. a6 h3 {Weighted Error Value: White=0.65/Black=0.17} 0-1